00822nas a22002297i 45000010005000000030004000050050017000090070003000260080041000290200022000700220014000920240014001060240020001200400008001402450064001482600056002121100032002687800042003008560092003428660016004348660142004505783OSt20170126082349.0tu161220s1991 xxu||||| |||| 00| 0 d a978-3-486-58979-5 a0722-480X7 a57832RID7 a57832RSN (alt) cOSt00aSüdost-EuropabZeitschrift für Politik und Gesellschaft aMünchen :bOldenburg Wissenschaftsverlag,c1991-.2 aSüdost-Institut München00aZeitschrift für Gegenwartsforschung uhttp://www.ios-regensburg.de/service/ios-publikationen/zeitschriften/suedosteuropa.html 0u1991 40/1 - 0uBestände unvollständig

vorhanden:
1991 40/1 - 2002 51/6
2002 51/10 - 200352/9

fehlende Bestände:
2002 51/7-9